The new HR / (Record no. 351630)

000 -LEADER
fixed length control field 00912cam a2200301 a 4500
001 - CONTROL NUMBER
control field 11956233
003 - CONTROL NUMBER IDENTIFIER
control field OSt
005 - DATE AND TIME OF LATEST TRANSACTION
control field 20180116183051.0
008 - FIXED-LENGTH DATA ELEMENTS--GENERAL INFORMATION
fixed length control field 000328s1997 enka 001 0 eng
010 ## - LIBRARY OF CONGRESS CONTROL NUMBER
LC control number 00550807
020 ## - INTERNATIONAL STANDARD BOOK NUMBER
International Standard Book Number 186152112X
040 ## - CATALOGING SOURCE
Original cataloging agency DLC
Transcribing agency DLC
Modifying agency DLC
043 ## - GEOGRAPHIC AREA CODE
Geographic area code e-uk---
050 00 - LIBRARY OF CONGRESS CALL NUMBER
Classification number HF5549
Item number .S8327 1997
082 00 - DEWEY DECIMAL CLASSIFICATION NUMBER
Classification number 658.3 SMI 1997
Edition number 21
100 1# - MAIN ENTRY--PERSONAL NAME
Personal name Smilansky, Jonathan.
245 14 - TITLE STATEMENT
Title The new HR /
Statement of responsibility, etc. Jonathan Smilansky.
250 ## - EDITION STATEMENT
Edition statement 1st ed.
260 ## - PUBLICATION, DISTRIBUTION, ETC.
Place of publication, distribution, etc. London ;
-- Boston :
Name of publisher, distributor, etc. International Thomson Business Press,
Date of publication, distribution, etc. c1997.
300 ## - PHYSICAL DESCRIPTION
Extent x, 124 p. :
Other physical details ill. ; PB
Dimensions 24 cm.
440 #0 - SERIES STATEMENT/ADDED ENTRY--TITLE
Title Smart strategies series
500 ## - GENERAL NOTE
General note Includes index.
650 #0 - SUBJECT ADDED ENTRY--TOPICAL TERM
Topical term or geographic name entry element Personnel management.
650 #0 - SUBJECT ADDED ENTRY--TOPICAL TERM
Topical term or geographic name entry element Personnel management
Geographic subdivision Great Britain.
906 ## - LOCAL DATA ELEMENT F, LDF (RLIN)
a 7
b cbc
c orignew
d 2
e ocip
f 20
g y-gencatlg
942 ## - ADDED ENTRY ELEMENTS (KOHA)
Source of classification or shelving scheme
Koha item type Book
Holdings
Withdrawn status Lost status Source of classification or shelving scheme Damaged status Not for loan Collection code Permanent Location Current Location Shelving location Date acquired Total Checkouts Full call number Barcode Date last seen Price effective from Koha item type
            Central Library (CL) Central Library (CL) General Stacks 08/15/2016   658.3 SMI 1997 NBSD-2691 08/15/2016 08/15/2016 Book
© 2023 Central Library, National University of Sciences and Technology. All Rights Reserved.